[Event "SR 2. liga A 2002/2003"]
[Site "?"]
[Date "2002.11.09"]
[Round "3.1"]
[White "Flasik, Radoslav"]
[Black "Abel, Peter"]
[Result "1-0"]
[WhiteElo "2230"]
[BlackElo "2218"]
[PlyCount "85"]
[EventDate "2002.??.??"]

1. e4 Nf6 2. Nc3 d5 3. e5 d4 4. Nce2 Ne4 5. Nf3 Nc6 6. c3 Bg4 7. cxd4 Bxf3 8.
gxf3 Ng5 9. Bg2 Ne6 10. f4 Ncxd4 11. Bxb7 Rb8 12. Qa4+ Qd7 13. Qxd7+ Kxd7 14.
Nxd4 Rxb7 15. Nxe6 Kxe6 16. d4 g6 17. O-O Kf5 18. Kg2 Bh6 19. Kf3 Rd8 20. Be3
Rxb2 21. Rfb1 Rdb8 22. Rxb2 Rxb2 23. Rc1 Rb7 24. Rc6 Bf8 25. a4 Rb6 26. Rxc7
Ra6 27. d5 f6 28. Rxa7 Rxa7 29. Bxa7 fxe5 30. a5 Bh6 31. Bc5 e4+ 32. Ke2 Bxf4
33. d6 Ke6 34. a6 exd6 35. a7 dxc5 36. a8=Q Kf5 37. Qf8+ Kg4 38. h3+ Kg5 39.
Qe7+ Kf5 40. Qxc5+ Be5 41. Qf8+ Bf6 42. Qf7 h5 43. Ke3 1-0

[Event "SR 2. liga A 2002/2003"]
[Site "?"]
[Date "2002.11.09"]
[Round "3.1"]
[White "Kleman, Miroslav"]
[Black "Jablonicky, Frantisek"]
[Result "1/2-1/2"]
[WhiteElo "2207"]
[BlackElo "2224"]
[PlyCount "74"]
[EventDate "2002.??.??"]

1. Nf3 f5 2. b3 d6 3. Bb2 e5 4. d3 Nf6 5. c4 c5 6. Nc3 g6 7. e3 Bg7 8. Be2 O-O
9. Qc2 Nc6 10. a3 b6 11. Nd5 Nxd5 12. cxd5 Ne7 13. e4 h6 14. h4 Ba6 15. O-O-O
Qd7 16. Kb1 Rac8 17. Rc1 Rc7 18. Ka2 Rfc8 19. Qd2 fxe4 20. dxe4 Bxe2 21. Qxe2 {
R} b5 22. Rhd1 c4 23. bxc4 Rxc4 24. Rxc4 Rxc4 25. Rc1 Qg4 26. Rxc4 bxc4 27. g3
Nc8 28. Ng1 Qxe2 29. Nxe2 Kf7 30. a4 Nb6 31. Ka3 Nd7 32. Bc1 a5 33. Be3 Bf6 34.
Bxh6 Nc5 35. Nc3 Bd8 36. Be3 Bb6 37. f4 Nxa4 1/2-1/2

[Event "SR 2. liga A 2002/2003"]
[Site "?"]
[Date "2002.11.09"]
[Round "3.1"]
[White "Meszaros, Michal"]
[Black "Duriga, Stefan"]
[Result "0-1"]
[WhiteElo "2221"]
[BlackElo "2327"]
[PlyCount "62"]
[EventDate "2002.??.??"]

1. d4 Nf6 2. c4 g6 3. Nc3 d5 4. Bg5 Ne4 5. cxd5 Nxc3 6. bxc3 Qxd5 7. Nf3 Bg7 8.
Bf4 O-O 9. Qb3 Qa5 10. Qb4 Qxb4 11. cxb4 Nc6 12. Rc1 Bf5 13. e3 Nxb4 14. Bc4 c6
15. Kd2 Be4 16. Bg3 Rac8 17. a3 Nd5 18. Ng5 Nf6 19. Nxe4 Nxe4+ 20. Ke2 c5 21.
dxc5 Rxc5 22. Bd3 Nc3+ 23. Kf3 Ra5 24. Rc2 Rxa3 25. Bh4 Re8 26. Rhc1 b5 27.
Bxb5 Nxb5 28. Rc8 Kf8 29. R1c5 Nd4+ 30. Ke4 Ne6 31. Rc4 Ra4 0-1

[Event "SR 2. liga A 2002/2003"]
[Site "?"]
[Date "2002.11.09"]
[Round "3.1"]
[White "Tepper, Frantisek"]
[Black "Cvicela, Anton"]
[Result "1/2-1/2"]
[WhiteElo "2215"]
[BlackElo "2156"]
[PlyCount "25"]
[EventDate "2002.??.??"]

1. e4 e5 2. Nf3 Nc6 3. Bc4 Bc5 4. b4 Bxb4 5. c3 Ba5 6. d4 d6 7. Qb3 Qd7 8. O-O
Bb6 9. Bb5 a6 10. Bxc6 Qxc6 11. dxe5 Be6 12. Qc2 O-O-O 13. Nbd2 1/2-1/2

[Event "SR 2. liga A 2002/2003"]
[Site "?"]
[Date "2002.11.09"]
[Round "3.1"]
[White "Tibensky, Robert"]
[Black "Banas, Jan"]
[Result "1-0"]
[WhiteElo "2467"]
[BlackElo "2373"]
[PlyCount "69"]
[EventDate "2002.??.??"]

1. d4 Nf6 2. c4 g6 3. Nf3 Bg7 4. Nc3 d5 5. Bf4 O-O 6. Rc1 dxc4 7. e3 Be6 8. Ng5
Bd5 9. e4 h6 10. exd5 hxg5 11. Bxg5 Nxd5 12. Bxc4 Nb6 13. Bb3 Nc6 14. Ne2 a5
15. a4 Rc8 16. d5 Nb4 17. Nc3 Qd7 18. O-O Rfd8 19. h4 N6xd5 20. Qe2 Nxc3 21.
bxc3 Nd5 22. Qc4 Qc6 23. Qg4 Nf6 24. Qh3 Rd7 25. Bxf6 Bxf6 26. h5 gxh5 27. Rfe1
h4 28. Re6 Rd6 29. Rxf6 Rxf6 30. Qxc8+ Kg7 31. Qg4+ Rg6 32. Qd4+ f6 33. Bd5 e5
34. Bxc6 exd4 35. Bxb7 1-0

[Event "SR 2. liga A 2002/2003"]
[Site "?"]
[Date "2002.11.09"]
[Round "3.2"]
[White "Felcir, Jaroslav"]
[Black "Janos, Martin"]
[Result "1-0"]
[WhiteElo "2222"]
[BlackElo "2175"]
[PlyCount "81"]
[EventDate "2002.??.??"]

1. e4 g6 2. d4 Bg7 3. f4 d5 4. e5 e6 5. Be3 Ne7 6. Nf3 b6 7. c3 a5 8. Na3 Nd7
9. Bf2 c6 10. Bh4 Qc7 11. Bxe7 Kxe7 12. Bd3 Ba6 13. Bxa6 Rxa6 14. Qd3 b5 15.
Nc2 Rb6 16. Ne3 c5 17. g4 cxd4 18. cxd4 Bh6 19. f5 Rc8 20. g5 Bf8 21. fxe6 fxe6
22. O-O Kf7 23. h4 Kg7 24. Rf2 Be7 25. Raf1 Rf8 26. Ng4 Qc4 27. Qe3 Qc8 28. Nh6
Rc6 29. Nh2 Qe8 30. N2g4 Rf5 31. Nf6 Qc8 32. Nxf5+ gxf5 33. Qe2 Nf8 34. Qh5
Bxf6 35. gxf6+ Kh8 36. Rg2 Rc7 37. f7 Nd7 38. Rg8+ Qxg8+ 39. fxg8=Q+ Kxg8 40.
Qh6 Nf8 41. Rf2 1-0

[Event "SR 2. liga A 2002/2003"]
[Site "?"]
[Date "2002.11.09"]
[Round "3.2"]
[White "Kantorik, Marian"]
[Black "Krajnak, Robert"]
[Result "1-0"]
[WhiteElo "2364"]
[BlackElo "2175"]
[PlyCount "149"]
[EventDate "2002.??.??"]

1. d4 Nf6 2. c4 e6 3. Nc3 Bb4 4. f3 c5 5. d5 e5 6. e4 d6 7. Bd3 Bxc3+ 8. bxc3
Nbd7 9. Ne2 h6 10. O-O g5 11. Be3 Nf8 12. g3 Ng6 13. a4 Qe7 14. Qc2 Bh3 15.
Rfb1 O-O-O 16. Kh1 Kb8 17. Ra3 Bc8 18. Rab3 Rdg8 19. a5 Ka8 20. R3b2 Nd7 21.
Qd2 f6 22. Bc2 Nb8 23. Ba4 Qc7 24. Ra2 Ne7 25. Bd1 Na6 26. Nc1 f5 27. Nd3 f4
28. Bf2 Ng6 29. Be2 h5 30. Raa1 fxg3 31. hxg3 g4 32. fxg4 h4 33. Kg2 hxg3 34.
Bxg3 Bxg4 35. Bxg4 Nh4+ 36. Bxh4 Rxg4+ 37. Bg3 Rhg8 38. Rh1 Rxg3+ 39. Kf1 Qg7
40. Nf2 Rg1+ 41. Ke2 Rg2 42. Raf1 Qg3 43. Qe3 Qg4+ 44. Ke1 Qd7 45. Nd1 Qa4 46.
Rh6 Nb8 47. Rhf6 Qxc4 48. Nf2 Qa2 49. Qd2 Qa1+ 50. Ke2 Qxa5 51. Rxd6 Rf8 52.
Rh6 Qb5+ 53. Ke1 Qb1+ 54. Qd1 Rfxf2 55. Rxf2 Qxd1+ 56. Kxd1 Rxf2 57. Re6 a5 58.
Rxe5 a4 59. Kc1 a3 60. Kb1 Rb2+ 61. Ka1 Rc2 62. Re8 Ka7 63. e5 Rxc3 64. e6 Rd3
65. e7 Nd7 66. Ra8+ Kxa8 67. e8=Q+ Nb8 68. Qd8 Ka7 69. d6 Nc6 70. Qc7 Ka6 71.
d7 Nb4 72. d8=Q Nc2+ 73. Kb1 Rb3+ 74. Kxc2 a2 75. Qa8+ 1-0

[Event "SR 2. liga A 2002/2003"]
[Site "?"]
[Date "2002.11.09"]
[Round "3.2"]
[White "Lahucky, Pavol"]
[Black "Fabry, Robert"]
[Result "1/2-1/2"]
[WhiteElo "2165"]
[BlackElo "2210"]
[PlyCount "148"]
[EventDate "2002.??.??"]

1. c4 Nf6 2. Nc3 e6 3. e4 d5 4. e5 d4 5. exf6 dxc3 6. fxg7 cxd2+ 7. Qxd2 Qxd2+
8. Bxd2 Bxg7 9. O-O-O c5 10. Nf3 Nc6 11. Bd3 b6 12. Rhe1 Bb7 13. Bf4 O-O-O 14.
b3 Nb4 15. Bb1 Rxd1+ 16. Rxd1 Bxf3 17. gxf3 f5 18. Rd6 Re8 19. a3 Na6 20. Rd1
Rg8 21. Re1 Kd7 22. Rd1+ Ke7 23. Bd3 Bd4 24. Bg3 Rd8 25. Kc2 Bf6 26. Re1 Kf7
27. Rd1 Rd4 28. Be2 Rxd1 29. Bxd1 Ke7 30. f4 Nb8 31. Bf3 Kd6 32. Kd3 Nd7 33.
Bh5 Bb2 34. a4 Nb8 35. Bd1 Nc6 36. Kc2 Bd4 37. Bf3 Nb4+ 38. Kd2 e5 39. Bb7 Kc7
40. Bg2 Kd6 41. Bb7 exf4 42. Bxf4+ Be5 43. Bg3 Bxg3 44. fxg3 Ke5 45. Kc3 f4 46.
g4 Kf6 47. h4 h6 48. Kd2 Ke5 49. Kc3 a5 50. Kd2 Kd4 51. g5 hxg5 52. hxg5 Ke5
53. g6 Kf6 54. Be4 Na6 55. Ke2 Nc7 56. Kf3 Ne6 57. Bd5 Nf8 58. g7 Kxg7 59. Kxf4
Kf6 60. Bg8 Ng6+ 61. Ke4 Ne7 62. Bd5 Nc8 63. Kf4 Nd6 64. Bg2 Nf5 65. Ke4 Nd4
66. Kd5 Nxb3 67. Kc6 Ke5 68. Kxb6 Kd4 69. Kb5 Nd2 70. Bd5 Nb3 71. Bf7 Kc3 72.
Bg6 Kb2 73. Bh7 Kc3 74. Bg8 Kb2 1/2-1/2

[Event "SR 2. liga A 2002/2003"]
[Site "?"]
[Date "2002.11.09"]
[Round "3.2"]
[White "Machalova, Maria"]
[Black "Petreje, Juraj"]
[Result "0-1"]
[WhiteElo "2124"]
[BlackElo "2180"]
[PlyCount "96"]
[EventDate "2002.??.??"]

1. c4 Nf6 2. Nc3 g6 3. e4 d6 4. d4 Bg7 5. f3 Nc6 6. Be3 e5 7. d5 Ne7 8. Qd2 O-O
9. g4 Ne8 10. Bd3 f5 11. exf5 gxf5 12. h3 c6 13. Nge2 cxd5 14. cxd5 Bd7 15.
O-O-O a6 16. Rdg1 b5 17. gxf5 Nxf5 18. Bxf5 Bxf5 19. Ne4 Rc8+ 20. Kd1 Rf7 21.
h4 Kh8 22. h5 Bxe4 23. fxe4 Rc4 24. h6 Bf6 25. Ng3 Qc8 26. b3 Rc3 27. Ne2 Rcc7
28. Rg3 Rf8 29. Rhg1 Rcf7 30. R3g2 Bh4 31. Nc1 Rf1+ 32. Ke2 Rxg1 33. Rxg1 Qh3
34. Kd1 Qf3+ 35. Kc2 Qxe4+ 36. Kb2 Nc7 37. Nd3 Nxd5 38. Bf2 Bf6 39. a3 Qf5 40.
Ne1 e4+ 41. Bd4 Bxd4+ 42. Qxd4+ Qf6 43. Nc2 Qxd4+ 44. Nxd4 Rf2+ 45. Kc1 Nf4 46.
Rg5 e3 47. Rg7 Nd3+ 48. Kd1 Rd2# 0-1

[Event "SR 2. liga A 2002/2003"]
[Site "?"]
[Date "2002.11.09"]
[Round "3.2"]
[White "Provaznik, Michal"]
[Black "Smolen, Jan"]
[Result "0-1"]
[WhiteElo "2237"]
[BlackElo "2137"]
[PlyCount "58"]
[EventDate "2002.??.??"]

1. d4 d5 2. Nf3 Nf6 3. g3 e6 4. Bg2 Be7 5. O-O O-O 6. b3 b6 7. Bb2 Bb7 8. Nbd2
Nbd7 9. Ne5 Rc8 10. c4 c5 11. cxd5 Nxd5 12. Ndc4 cxd4 13. Qxd4 Bf6 14. f4 Nxe5
15. fxe5 Bg5 16. Kh1 Ba6 17. Nd6 Rc2 18. Bxd5 Rd2 19. Qg4 Bxe2 20. Bf3 Bxf1 21.
Rxf1 Rxb2 22. Ne4 Qd3 23. Rd1 Qc2 24. Qh5 g6 25. Qh3 Rb1 26. Qf1 Rxd1 27. Qxd1
Qxd1+ 28. Bxd1 Rc8 29. Bf3 Bc1 0-1

[Event "SR 2. liga A 2002/2003"]
[Site "?"]
[Date "2002.11.09"]
[Round "3.2"]
[White "Seitler, Andrej"]
[Black "Lauf, Pavol"]
[Result "0-1"]
[WhiteElo "2149"]
[BlackElo "2135"]
[PlyCount "49"]
[EventDate "2002.??.??"]

1. e4 d6 2. d4 g6 3. Nc3 Bg7 4. Be3 Nf6 5. h3 Nbd7 6. f4 O-O 7. Qf3 c6 8. g4
Qa5 9. O-O-O b5 10. Kb1 b4 11. Nce2 Nb6 12. Nc1 Na4 13. Nge2 Rb8 14. Nb3 Qc7
15. f5 Bb7 16. Ng3 Nd7 17. Nd2 Ba8 18. Bc4 c5 19. fxg6 hxg6 20. Bb3 Nxb2 21.
Kxb2 cxd4 22. Bf4 d3+ 23. Kc1 Qc3 24. Nc4 d2+ 25. Nxd2 0-1

[Event "SR 2. liga A 2002/2003"]
[Site "?"]
[Date "2002.11.09"]
[Round "3.3"]
[White "Bury, Rastislav"]
[Black "Mihalik, Marek"]
[Result "1/2-1/2"]
[WhiteElo "1984"]
[BlackElo "2090"]
[PlyCount "81"]
[EventDate "2002.??.??"]

1. d4 Nf6 2. c4 e6 3. Nc3 Bb4 4. Bg5 h6 5. Bh4 g5 6. Bg3 Ne4 7. Qc2 Bxc3+ 8.
bxc3 Nxg3 9. hxg3 c5 10. e3 d6 11. Be2 Qf6 12. Bf3 e5 13. Ne2 Nc6 14. d5 Nd8
15. g4 b6 16. Ng3 Nb7 17. Nh5 Qe7 18. Qe4 Bd7 19. Ng7+ Kd8 20. Kd2 Na5 21. Be2
Kc7 22. Rh2 Qf8 23. Nf5 Bxf5 24. Qxf5 Qg7 25. Rah1 Rae8 26. e4 Rh7 27. Rh5 Reh8
28. Kd3 Qg6 29. Bf3 Kd8 30. Bd1 Ke7 31. Ba4 Qxf5 32. gxf5 Nb7 33. g4 Kf6 34.
Bc6 Nd8 35. Bb5 Kg7 36. Ba6 f6 37. a4 Nf7 38. f3 Rb8 39. R5h2 Rhh8 40. Rb1 Rhe8
41. Rbh1 1/2-1/2

[Event "SR 2. liga A 2002/2003"]
[Site "?"]
[Date "2002.11.09"]
[Round "3.3"]
[White "Kolman, Richard"]
[Black "Bisco, Igor"]
[Result "1-0"]
[WhiteElo "2139"]
[BlackElo "2120"]
[PlyCount "49"]
[EventDate "2002.??.??"]

1. d4 Nf6 2. Nf3 c5 3. c3 g6 4. Bf4 Bg7 5. Nbd2 cxd4 6. cxd4 Nc6 7. e3 d6 8.
Be2 O-O 9. h3 Bf5 10. O-O Qd7 11. Bh2 Rfc8 12. g4 Be6 13. e4 d5 14. e5 Ne4 15.
Bd3 Nxd2 16. Nxd2 Nxd4 17. f4 f5 18. exf6 Bxf6 19. Kh1 Qc6 20. f5 Bf7 21. g5
Bxg5 22. Rg1 Bxd2 23. Qxd2 Nf3 24. Qh6 Nxg1 25. Be5 1-0

[Event "SR 2. liga A 2002/2003"]
[Site "?"]
[Date "2002.11.09"]
[Round "3.3"]
[White "Kubovic, Ladislav"]
[Black "Minich, Peter"]
[Result "1/2-1/2"]
[WhiteElo "2147"]
[BlackElo "2212"]
[PlyCount "141"]
[EventDate "2002.??.??"]

1. e4 e5 2. Nf3 Nc6 3. Bb5 Bc5 4. O-O Nge7 5. c3 a6 6. Ba4 b5 7. Bc2 Bb6 8. d4
d6 9. dxe5 Nxe5 10. Nxe5 dxe5 11. Qxd8+ Kxd8 12. Bb3 Ke8 13. Re1 Bb7 14. Nd2
Ng6 15. Nf3 f6 16. Be3 Bxe3 17. Rxe3 Ke7 18. g3 Rhd8 19. h4 Nf8 20. h5 Nd7 21.
Nh4 Nc5 22. Bc2 Rd2 23. Rc1 Rad8 24. Nf3 R2d6 25. Ne1 Kf8 26. Re2 Bc8 27. f3
Be6 28. b3 Bf7 29. g4 Ne6 30. Ng2 Nc5 31. Ne3 a5 32. Kf2 Ne6 33. Ng2 c5 34. Ke3
Nc7 35. Kf2 a4 36. Ne3 axb3 37. axb3 b4 38. c4 Ne6 39. Nd5 Nd4 40. Rd2 Ra8 41.
Bd1 Ra3 42. Rb1 h6 43. Ne3 Be6 44. Rbb2 Rda6 45. Nc2 Nxb3 46. Rd8+ Ke7 47. Rb8
Bxc4 48. Nxa3 Rxa3 49. Bxb3 Rxb3 50. Rd2 Bd3 51. Ra2 c4 52. Ra6 Ra3 53. Rb7+
Kf8 54. Rxa3 bxa3 55. Ra7 Bc2 56. Rxa3 Bd1 57. Ke1 Bb3 58. Kd2 Kf7 59. Ra7+ Kf8
60. Ra1 Ke7 61. Kc3 Kf7 62. Kb4 Kf8 63. Kc5 Kf7 64. Kd6 Bc2 65. Ra7+ Kg8 66.
Ke7 Bd1 67. Ra8+ Kh7 68. Kf7 c3 69. Rc8 c2 70. Kf8 Kh8 71. Kf7+ 1/2-1/2

[Event "SR 2. liga A 2002/2003"]
[Site "?"]
[Date "2002.11.09"]
[Round "3.3"]
[White "Michal, Silvio"]
[Black "Kovacocy, Pavel"]
[Result "0-1"]
[WhiteElo "2168"]
[BlackElo "2223"]
[PlyCount "100"]
[EventDate "2002.??.??"]

1. c4 Nf6 2. Nc3 g6 3. d4 Bg7 4. g3 O-O 5. Bg2 d6 6. Nf3 Nbd7 7. O-O e5 8. dxe5
Nxe5 9. Nxe5 dxe5 10. Bg5 Qxd1 11. Rfxd1 h6 12. Be3 c6 13. Na4 Re8 14. h3 Nd7
15. Rd2 f5 16. Rad1 Nf8 17. Bc5 Be6 18. b3 e4 19. Bd4 Bxd4 20. Rxd4 Kf7 21. e3
Rac8 22. Nc5 Rc7 23. Bf1 Bc8 24. b4 b6 25. Nb3 Ne6 26. Rd6 c5 27. b5 Ree7 28.
a4 Red7 29. a5 Rxd6 30. Rxd6 Rd7 31. Rxd7+ Bxd7 32. h4 Kf6 33. Be2 Nc7 34. Kf1
Be6 35. axb6 axb6 36. Nd2 Ne8 37. Ke1 g5 38. hxg5+ hxg5 39. Kd1 Nd6 40. Kc2 Ke5
41. Kc3 f4 42. gxf4+ gxf4 43. exf4+ Kxf4 44. Bf1 Bg4 45. Bg2 Be2 46. Bh1 Bd3
47. Bg2 Nf7 48. f3 e3 49. Kxd3 Ne5+ 50. Kc2 e2 0-1

[Event "SR 2. liga A 2002/2003"]
[Site "?"]
[Date "2002.11.09"]
[Round "3.3"]
[White "Sukuba, Zdeno"]
[Black "Machalova, Veronika"]
[Result "1-0"]
[WhiteElo "2124"]
[BlackElo "2146"]
[PlyCount "119"]
[EventDate "2002.??.??"]

1. Nf3 Nf6 2. c4 c5 3. g3 Nc6 4. Bg2 g6 5. O-O Bg7 6. Nc3 O-O 7. d4 cxd4 8.
Nxd4 Qb6 9. Nc2 d6 10. b3 Bd7 11. Bb2 Rac8 12. Qd2 Rfd8 13. e4 Ne5 14. Ne3 Bh6
15. f4 Neg4 16. Rae1 Bg7 17. h3 Nxe3 18. Rxe3 Bc6 19. Kh2 a6 20. Rd3 Qc7 21. a4
Nd7 22. Ba3 Nc5 23. Bxc5 dxc5 24. e5 Rxd3 25. Qxd3 Rd8 26. Qc2 Bxg2 27. Kxg2
Qc6+ 28. Kf2 e6 29. Rd1 Rd7 30. Rxd7 Qxd7 31. Qd1 Qxd1 32. Nxd1 Bf8 33. Nb2 Be7
34. Kf3 Kf8 35. Ke4 Ke8 36. g4 Kd7 37. Nd3 Kc6 38. f5 g5 39. f6 Bf8 40. Kf3 Kb6
41. Kg3 Ka5 42. Kf3 b5 43. axb5 axb5 44. Ke2 h6 45. Kd2 b4 46. Nf2 Kb6 47. Ne4
Kc6 48. Ke2 Kd7 49. Kf3 Kd8 50. Kg3 Kd7 51. h4 gxh4+ 52. Kxh4 Ke8 53. Ng3 Kd7
54. Nh5 Kc6 55. Ng7 Bd6 56. exd6 Kxd6 57. g5 hxg5+ 58. Kg4 Ke5 59. Kxg5 Kd6 60.
Kf4 1-0

[Event "SR 2. liga A 2002/2003"]
[Site "?"]
[Date "2002.11.09"]
[Round "3.3"]
[White "Szollos, Ondrej"]
[Black "Sochna, D."]
[Result "1-0"]
[WhiteElo "2099"]
[BlackElo "2223"]
[PlyCount "73"]
[EventDate "2002.??.??"]

1. Nf3 c5 2. d3 Nc6 3. Nbd2 d5 4. e4 Nf6 5. c3 e5 6. Be2 Be7 7. O-O O-O 8. Re1
Re8 9. Nf1 Bf8 10. Qc2 b5 11. Bg5 d4 12. cxd4 Nxd4 13. Qd1 Nxe2+ 14. Qxe2 Bb7
15. Red1 h6 16. Bh4 Qb6 17. N3d2 Rad8 18. Ne3 Rd7 19. a4 a6 20. Bg3 Qe6 21. Nf3
Bd6 22. axb5 axb5 23. Ra5 Bc6 24. Ra6 Rc7 25. Nf5 Nd7 26. Rc1 Ra8 27. Rxa8+
Bxa8 28. Ra1 Rc8 29. d4 cxd4 30. N3xd4 Qg6 31. Nxb5 Bf8 32. f3 Rb8 33. Bf2 Qc6
34. Nc3 Nc5 35. Nd5 Qb7 36. b4 Ne6 37. Ra7 1-0

[Event "SR 2. liga A 2002/2003"]
[Site "?"]
[Date "2002.11.09"]
[Round "3.4"]
[White "Hecko, Dusan"]
[Black "Faltan, Peter"]
[Result "1-0"]
[WhiteElo "2168"]
[BlackElo "2148"]
[PlyCount "67"]
[EventDate "2002.??.??"]

1. e4 e5 2. Nf3 Nc6 3. Bb5 a6 4. Bxc6 dxc6 5. O-O Bg4 6. h3 Bxf3 7. Qxf3 Nf6 $2
(7... Qd7 8. d3) (7... Qf6 8. Qg3) (7... Bc5 8. d3) 8. d3 c5 9. Nc3 c6 10. Be3
Bd6 11. Bg5 Be7 12. Bxf6 Bxf6 13. Ne2 Qd7 14. Rad1 O-O-O 15. b3 Qe6 16. a4 h5
17. Qf5 g6 18. Qxe6+ fxe6 19. f4 Rdf8 20. f5 g5 21. fxe6 h4 22. Rf5 Kd8 23.
Rdf1 Ke7 24. Nc3 Kxe6 25. Nd1 Be7 26. Ne3 Rhg8 27. Rxf8 Rxf8 28. Rxf8 Bxf8 29.
Kf2 Bd6 30. Kf3 Kf6 31. Nc4 Bc7 32. Kg4 b5 33. Nd2 Bb6 34. c4 1-0

[Event "SR 2. liga A 2002/2003"]
[Site "?"]
[Date "2002.11.09"]
[Round "3.4"]
[White "Horak, Ivan"]
[Black "Toth_Vano, Peter"]
[Result "1-0"]
[WhiteElo "2198"]
[BlackElo "2103"]
[PlyCount "63"]
[EventDate "2002.??.??"]

1. e4 c5 2. Nc3 Nc6 3. f4 g6 4. Bb5 Bg7 5. Bxc6 bxc6 6. Nf3 d6 7. O-O Bg4 8.
Qe1 Bxf3 9. Rxf3 d5 10. d3 e6 11. f5 Qe7 12. Qg3 O-O-O 13. fxe6 fxe6 14. Bg5
Bf6 15. Rxf6 Nxf6 16. e5 Qb7 17. exf6 h6 18. Bd2 Qb4 19. Qe5 Qd4+ 20. Qxd4 cxd4
21. Na4 e5 22. Bb4 Rh7 23. Be7 Rd7 24. Bc5 Rhf7 25. Re1 Rxf6 26. Rxe5 Rdf7 27.
Re1 Rf2 28. Bxd4 Rxc2 29. g3 Rd2 30. Nc5 Kd8 31. Re6 Re7 32. Bf6 1-0

[Event "SR 2. liga A 2002/2003"]
[Site "?"]
[Date "2002.11.09"]
[Round "3.4"]
[White "Miklas, Marian"]
[Black "Vychodil, Michal"]
[Result "0-1"]
[WhiteElo "2172"]
[BlackElo "2078"]
[PlyCount "56"]
[EventDate "2002.??.??"]

1. c4 e5 2. g3 c6 3. d4 e4 4. d5 cxd5 5. cxd5 Bb4+ 6. Bd2 Qe7 7. Qb3 Bxd2+ 8.
Nxd2 Nf6 9. Bg2 O-O 10. Nh3 Na6 11. O-O d6 12. Ng5 Nc5 13. Qc2 e3 14. Nc4 h6
15. b4 Na6 16. Ne4 Nxb4 17. Nxf6+ Qxf6 18. Qd1 exf2+ 19. Rxf2 Qe7 20. Qd2 Na6
21. Qf4 Rd8 22. Raf1 f6 23. Nd2 Nc5 24. Qh4 Re8 25. Kh1 Bd7 26. Rf4 g5 27. Qxh6
gxf4 28. Rxf4 Qg7 0-1

[Event "SR 2. liga A 2002/2003"]
[Site "?"]
[Date "2002.11.09"]
[Round "3.4"]
[White "Sarmir, Milos"]
[Black "Janos, Ivan"]
[Result "1/2-1/2"]
[WhiteElo "2160"]
[BlackElo "2137"]
[PlyCount "98"]
[EventDate "2002.??.??"]

1. e4 c5 2. Nf3 d6 3. d4 cxd4 4. Nxd4 Nf6 5. Bd3 Nc6 6. c3 e5 7. Nb3 d5 8. exd5
Qxd5 9. O-O Bg4 10. Be2 Qxd1 11. Bxd1 Rd8 12. Bxg4 Nxg4 13. h3 Nf6 14. Bg5 Be7
15. N1d2 Nd5 16. Bxe7 Kxe7 17. g3 f5 18. Rfe1 Kf6 19. Rad1 Rhe8 20. Nc4 Re7 21.
Nba5 Nxa5 22. Nxa5 Red7 23. Nc4 e4 24. a3 b5 25. Na5 Nb6 26. Rb1 Rd3 27. Nc6
R8d7 28. Nd4 Nc4 29. Re2 Nd2 30. Ra1 Nf3+ 31. Nxf3 exf3 32. Rc2 Re7 33. Kf1
Red7 34. Ke1 Re7+ 35. Kf1 Red7 36. Ke1 h5 37. c4 Re7+ 38. Kf1 bxc4 39. Rxc4 Rd2
40. Rc6+ Kf7 41. Rc3 Rxb2 42. Rxf3 Kf6 43. Rc1 g5 44. Rc8 g4 45. hxg4 hxg4 46.
Rf8+ Kg7 47. R3xf5 Rb1+ 48. Kg2 Ree1 49. R8f7+ Kg8 1/2-1/2

[Event "SR 2. liga A 2002/2003"]
[Site "?"]
[Date "2002.11.09"]
[Round "3.4"]
[White "Skreno, Vladimir"]
[Black "Eged, Igor"]
[Result "0-1"]
[WhiteElo "2116"]
[BlackElo "2076"]
[PlyCount "64"]
[EventDate "2002.??.??"]

1. d4 e6 2. Nf3 d5 3. c4 Nf6 4. Bg5 Be7 5. e3 O-O 6. Bxf6 Bxf6 7. cxd5 exd5 8.
Nc3 c6 9. Be2 Bf5 10. O-O Qd6 11. a3 Nd7 12. b4 b5 13. Nd2 Rfe8 14. Nb3 Bd8 15.
g3 a5 16. Nc5 Bb6 17. Qd2 Qh6 18. Rfe1 Bxc5 19. dxc5 Ra7 20. Qd4 Ne5 21. f4 Ng4
22. Bxg4 Bxg4 23. e4 Rae7 24. Re3 Qg6 25. Rae1 axb4 26. axb4 dxe4 {R} 27. Nxe4
Kf8 28. Kg2 Be6 29. Nc3 Rd7 30. Rxe6 Rxe6 31. Qxd7 Rxe1 32. f5 Qf6 0-1

[Event "SR 2. liga A 2002/2003"]
[Site "?"]
[Date "2002.11.09"]
[Round "3.4"]
[White "Stepanovic, Branislav"]
[Black "Chovanec, Vladimir"]
[Result "1-0"]
[WhiteElo "2060"]
[BlackElo "2057"]
[PlyCount "53"]
[EventDate "2002.??.??"]

1. e4 c5 2. Nf3 Nc6 3. d4 cxd4 4. Nxd4 e5 5. Nb5 d6 6. N1c3 a6 7. Na3 b5 8. Nd5
Nge7 9. c4 Nd4 10. cxb5 Nxd5 11. exd5 Qh4 12. Nc2 Qe4+ 13. Ne3 Bf5 14. bxa6 Be7
15. Bc4 Rc8 16. b3 h5 17. O-O Bh3 18. Bd3 Qh4 19. gxh3 e4 20. Ng2 Qxh3 21. Bxe4
Bf6 22. Bb2 Be5 23. f4 f5 24. fxe5 dxe5 25. Bxd4 fxe4 26. Bxe5 Rh6 27. Qe2 1-0

[Event "SR 2. liga A 2002/2003"]
[Site "?"]
[Date "2002.11.09"]
[Round "3.5"]
[White "Hecht, Tomas"]
[Black "Gajarsky, Roman"]
[Result "0-1"]
[WhiteElo "2057"]
[BlackElo "2051"]
[PlyCount "38"]
[EventDate "2002.??.??"]

1. e4 e5 2. Nf3 Nf6 3. Nxe5 d6 4. Nf3 Nxe4 5. d4 d5 6. Bd3 Bg4 7. h3 Bh5 8. Qe2
Qe7 9. c4 c6 10. cxd5 cxd5 11. Bxe4 dxe4 12. Qb5+ Nd7 13. Ne5 Qb4+ 14. Qxb4
Bxb4+ 15. Bd2 Nxe5 16. dxe5 Bxd2+ 17. Nxd2 O-O-O 18. Nxe4 Rhe8 19. Nd6+ Rxd6
0-1

[Event "SR 2. liga A 2002/2003"]
[Site "?"]
[Date "2002.11.09"]
[Round "3.5"]
[White "Kebis, Milos"]
[Black "Hanzluvka, Peter"]
[Result "1-0"]
[WhiteElo "2081"]
[BlackElo "2127"]
[PlyCount "105"]
[EventDate "2002.??.??"]

1. d4 Nf6 2. c4 g6 3. Nc3 Bg7 4. Nf3 O-O 5. e4 d6 6. Be2 e5 7. Bg5 Qe8 8. dxe5
dxe5 9. O-O c6 10. Qc2 Nbd7 11. Rad1 Qe6 12. Rd2 Ne8 13. h3 f6 14. Be3 h6 15.
Nh4 f5 16. exf5 gxf5 17. f4 Qf6 18. Nf3 Qe7 19. fxe5 Nxe5 20. Nxe5 Qxe5 21. Bf4
Qe7 22. Bh5 Rf6 23. Re2 Re6 24. Rfe1 Qc5+ 25. Kh2 Rxe2 26. Qxe2 Nf6 27. Bf3 Bd7
28. Qd3 Re8 29. Rxe8+ Bxe8 30. Bd6 Qb6 31. b3 Bg6 32. Ne2 Ne4 33. Bf4 Nf2 34.
Qd6 Kh7 35. Qd7 Qc5 36. Qxb7 Ne4 37. Qc7 Qb6 38. Qd7 Qc5 39. a4 a6 40. Qc7 Be8
41. Qc8 Bf7 42. Qc7 Kg8 43. a5 h5 44. Qb6 Qe7 45. Qxc6 Be5 46. Qc8+ Kg7 47.
Qxf5 Bxf4+ 48. Qxf4 Ng5 49. Nd4 Nxf3+ 50. Nxf3 Qb7 51. Qd4+ Kg8 52. Qb6 Qc8 53.
Ng5 1-0

[Event "SR 2. liga A 2002/2003"]
[Site "?"]
[Date "2002.11.09"]
[Round "3.5"]
[White "Labar, Eduard"]
[Black "Pobjecky, Ivan"]
[Result "1/2-1/2"]
[WhiteElo "2049"]
[BlackElo "2005"]
[PlyCount "130"]
[EventDate "2002.??.??"]

1. d4 Nf6 2. Nf3 g6 3. Bg5 Bg7 4. Nbd2 O-O 5. e4 d6 6. Bc4 c6 7. Bb3 Nbd7 8.
O-O e5 9. dxe5 dxe5 10. c3 Qc7 11. Qe2 Nc5 12. Bc2 Ne6 13. Be3 Ng4 14. g3 Nxe3
15. Qxe3 b6 16. Rad1 Ba6 17. Rfe1 Rad8 18. Nb3 Qe7 19. Rxd8 Rxd8 20. Rd1 Rxd1+
21. Bxd1 Qd6 22. Bc2 f6 23. h4 h5 24. Qd2 Qe7 25. Nc1 Kh7 26. Nb3 Bh6 27. Qd1
Nc7 28. Kg2 Bc4 29. a4 Be6 30. Qd3 Bc8 31. Qd1 Bg4 32. Qd3 Ne8 33. Nbd2 Nd6 34.
Nc4 Nxc4 35. Qxc4 Qe6 36. Qa6 Qd7 37. Bb3 b5 38. axb5 cxb5 39. Qxf6 Bxf3+ 40.
Qxf3 Bg7 41. Bd5 a5 42. Qd3 Qe8 43. Qe3 Qb8 44. Qc5 Bf8 45. Qc6 b4 46. cxb4
axb4 47. Qf6 Bg7 48. Qf7 Qf8 49. Qe6 Qd8 50. b3 Qf8 51. Qd7 Qf6 52. Qe8 Qf8 53.
Qb5 Qe7 54. Qb8 Qf8 55. Qb7 Qd6 56. Bf7 Kh6 57. Qc8 Qe7 58. Bg8 Bf8 59. Bd5 Kg7
60. Qc6 Qd6 61. Qe8 Qe7 62. Bc6 Qxe8 63. Bxe8 Kf6 64. f4 Bd6 65. Kf3 Bc7
1/2-1/2

[Event "SR 2. liga A 2002/2003"]
[Site "?"]
[Date "2002.11.09"]
[Round "3.5"]
[White "Mandak, Miroslav"]
[Black "Doucha, Ludvik"]
[Result "1/2-1/2"]
[WhiteElo "2089"]
[BlackElo "2107"]
[PlyCount "94"]
[EventDate "2002.??.??"]

1. e4 e5 2. Nf3 d6 3. d4 exd4 4. Nxd4 g6 5. Bc4 Bg7 6. Nc3 Nc6 7. Be3 Nf6 8. f3
O-O 9. Qd2 Nxd4 10. Bxd4 Be6 11. Be2 a6 12. O-O d5 13. exd5 Nxd5 14. Bxg7 Kxg7
15. Ne4 f5 16. Nc5 Bf7 17. Nxb7 Qf6 18. Na5 Qb6+ 19. Kh1 Qxb2 20. Bc4 Rad8 21.
Rab1 Qf6 22. Qc1 Qc3 23. Bxd5 Rxd5 24. Nb3 Re8 25. Re1 Rde5 26. Rxe5 Rxe5 27.
h4 Re2 28. Qf4 Rxc2 29. Nd4 Rb2 30. Rxb2 Qxb2 31. h5 Qb4 32. Kh2 Qb6 33. Qe5+
Kg8 34. f4 Qd6 35. Qe3 c5 36. Nf3 gxh5 37. Ne5 h4 38. Qf2 Qe7 39. Kh3 Bd5 40.
Qe2 Qg7 41. Kxh4 Qxg2 42. Qxa6 Qh2+ 43. Kg5 Qg3+ 44. Kxf5 Qh3+ 45. Kg5 h6+ 46.
Qxh6 Qxh6+ 47. Kxh6 Bxa2 1/2-1/2